Giới thiệu về dự án bảo tồn và phát triển cộng đồng vườn quốc gia : U Minh Thượng (1998-2003) và các báo cáo của dự án

Salvato in:
Dettagli Bibliografici
Natura: Libro
Lingua:Undetermined
Pubblicazione: 2003
Soggetti:
Tags: Aggiungi Tag
Nessun Tag, puoi essere il primo ad aggiungerne! !
Thư viện lưu trữ: Trung tâm Học liệu Trường Đại học Cần Thơ
LEADER 00613nam a2200157Ia 4500
001 CTU_120708
008 210402s9999 xx 000 0 und d
082 |a 333.9516 
082 |b Gi462 
245 0 |a Giới thiệu về dự án bảo tồn và phát triển cộng đồng vườn quốc gia : 
245 0 |b U Minh Thượng (1998-2003) và các báo cáo của dự án 
260 |c 2003 
650 |a Biological diversity,Biological diversity conversation,Natural resources 
650 |z Vietnam 
904 |i M.Loan 
980 |a Trung tâm Học liệu Trường Đại học Cần Thơ